00930nam a2200241 a 450000100100000000500170001000800410002704000250006808200200009310000340011324500430014726000440019030000200023450000410025465000290029565000280032465000310035291000370038304900090042095201180042995201240054799900170067100001741520240412074247.0100324s1944 dr 000 j spa d aDO-SdBNPbspacBNPHU aRD863.42bM615c1 aMeyreles Soler, Rafael93774510aCosas mías /cRafael Meyreles Soler. aCiudad Trujillo, :bLa Nación,c1944. a74 p. ;c24 cm. aAño del Centenario Era de Trujillo 0aCuentos dominicanos9176 0aPoesía dominicana966 0aLiteratura dominicana.967 aValidado. Control de calidad MFF aBNPD 001050718RVaPDbPDcHDd2010-03-24iLF1l0oRD863.42 M615cp17415-10r2020-06-25w2020-06-25y1ZNo se presta 001050718RVaPDbPDcCTd2011-04-18iLF1l0oRD863.42 M615cp17415-20r2020-06-25te. 2w2020-06-25y1ZNo se presta c16940d16940